000 01266nam a22003617a 4500
003 CHAP
005 20220329140215.0
008 971013s1976 r 00010 d
010 _a48567
011 _a49539
035 _a53688
040 _cCHAP
090 _aTesis
100 0 0 _aVeira, Fernando Silva.
_9118337
245 _aProgramación agrícola para la rehabilitación del Distrito de Riego de Zamora, Michoacán
260 _aChapingo, Méx. :
_bEl autor,
_c1976
300 _a94 h.
_b; mapa
502 _aTesis (M.C. Esp. en Economía Agrícola) -- ENA. Colegio de Postgraduados
590 _aALEPH
_b10
_c20130110
_lUCH01
_h1320
590 _aBATCH-UPD
_b10
_c20130110
_lUCH01
_h1038
590 _aBATCH-UPD
_b10
_c20130410
_lUCH01
_h0638
590 _aBATCH-UPD
_b10
_c20130914
_lUCH01
_h0007
590 _aCONVERSION
_b10
_c20130109
_lUCH01
_h1326
650 1 4 _aAgricultura
_xMichoacán.
_91743
650 1 4 _aAgricultura
_xModelos matematicos.
_91744
650 1 4 _aDistrito de Riego Zamora, Mich.
_932957
650 1 4 _aPolítica agrícola
_xMichoacán.
_990336
901 _aBK
942 _cFOLL
949 _bBC
_cTES
_d-118897
_eTS1
_i53688
_si
949 _bBC
_cTES
_d-118900
_eTS2
_fc.3
_i53688
_si
949 _bBC
_cTES
_d33724000693578
_eTS2
_fc.2
_i53688
_si
999 _c48567
_d48567